000 00313nam a2200133Ia 4500
008 220214s9999 xx 000 0 und d
041 _aMal
245 0 _aKARSHAKAN
260 _aKottayam
310 _aM
500 _aMissing Volume: 1996(Jan-Aug)
500 _aStarting Volume & Year: 1996, 2000
942 _cBJ
999 _c18482
_d18482